| 000 | 00681nam a2200205 u 4500 | ||
|---|---|---|---|
| 005 | 20240418063801.0 | ||
| 008 | 100831s2008 r 000 0 eng d | ||
| 020 | _a9789682447105 | ||
| 035 | _aUPN01000177597 | ||
| 049 | _aCG | ||
| 050 | 4 |
_aBF432.3 _bS4.2 |
|
| 100 | 1 |
_aSerrano Fernández, Ana María _937148 |
|
| 245 | 1 | 0 |
_aCompetencias e inteligencias : _bdesde la educación inicial hacia la vida / _cAna María Serrano. |
| 260 |
_aMéxico : _bTrillas, _cc2008. |
||
| 300 |
_a147 p. : _bil. |
||
| 650 | 7 |
_aInteligencias múltiples _2 _9171 |
|
| 650 | 2 |
_aEducación preescolar _vPlanes y programas _99221 |
|
| 650 | 4 |
_aEducación basada en competencias _913564 |
|
| 905 | _aLibro | ||
| 999 |
_c149700 _d149700 |
||